[Event "Daehne Cup Region III"]
[Site "Neustadt"]
[Date "2011.04.03"]
[Round "4"]
[White "Stellmann, Karl Heinz"]
[Black "Gehrke, Mathias"]
[Result "0-1"]
[WhiteElo "1158"]
[BlackElo "1604"]
[PlyCount "116"]
[EventDate "2011.03.27"]
[EventType "k.o."]
[EventCountry "GER"]
[SourceTitle "EXT 2022"]
[Source "ChessBase"]
[SourceDate "2021.10.06"]
[SourceVersion "1"]
[SourceVersionDate "2021.10.06"]
[SourceQuality "1"]

1. e4 c6 2. f4 d5 3. e5 e6 4. Nf3 Bc5 5. d4 Bb6 6. c3 Bd7 7. Bd3 c5 8. Qc2 Nc6 9. Bxh7 cxd4 10. Bxg8 Rxg8 11. Qh7 Rf8 12. Qxg7 dxc3 13. bxc3 Qe7 14. Ba3 Bc5 15. Bxc5 Qxc5 16. Qg5 Qe3+ 17. Kd1 Na5 18. a4 Nb3 19. f5 Qd3+ 20. Nfd2 Nxa1 21. Qh4 Nc2 22. Kc1 Ne3 23. Kb2 Qc2+ 24. Ka3 Qxf5 25. g3 Qxe5 26. Kb2 Rc8 27. Re1 d4 28. Qxd4 Qxd4 29. cxd4 Nc4+ 30. Kb3 Nxd2+ 31. Nxd2 Ke7 32. Ne4 b6 33. Nc3 Rxc3+ 34. Kxc3 Bxa4 35. d5 Kd6 36. dxe6 fxe6 37. Ra1 b5 38. Kb4 Rf2 39. h4 Ke5 40. Ra3 Kf5 41. Re3 e5 42. Rc3 Kg4 43. Re3 Kf5 44. Rd3 e4 45. Rd5+ Ke6 46. Rd4 Ke5 47. Rd8 Rg2 48. Rg8 e3 49. h5 e2 50. Re8+ Kd4 51. h6 Bc2 52. Rd8+ Ke3 53. Re8+ Kd2 54. Rd8+ Bd3 55. h7 Rh2 56. h8Q Rxh8 57. Rxh8 e1Q 58. Rh2+ Ke3+ 0-1